INTRODUCTION TO MODERN TIME SERIES ANALY (Record no. 20769)
[ view plain ]
| 000 -LEADER | |
|---|---|
| fixed length control field | 00351nam a2200133Ia 4500 |
| 008 - FIXED-LENGTH DATA ELEMENTS--GENERAL INFORMATION | |
| fixed length control field | 240624s9999 xx 000 0 und d |
| 041 ## - LANGUAGE CODE | |
| Language code of text/sound track or separate title | eng |
| 082 ## - DEWEY DECIMAL CLASSIFICATION NUMBER | |
| Classification number | 332 KIR |
| 100 ## - MAIN ENTRY--PERSONAL NAME | |
| Personal name | KIRCHGASSNER GEBHARD |
| 245 ## - TITLE STATEMENT | |
| Title | INTRODUCTION TO MODERN TIME SERIES ANALY |
| 260 ## - PUBLICATION, DISTRIBUTION, ETC. | |
| Date of publication, distribution, etc. | 2008 |
| Place of publication, distribution, etc. | London |
| Name of publisher, distributor, etc. | Springer |
| 300 ## - PHYSICAL DESCRIPTION | |
| Extent | ix, : 274 : p. : cm. ; 23 |
| 365 ## - TRADE PRICE | |
| Currency code | ERU |
| Price amount | 26 |
| Withdrawn status | Lost status | Damaged status | Not for loan | Home library | Current library | Shelving location | Date acquired | Source of acquisition | Cost, normal purchase price | Total Checkouts | Full call number | Barcode | Date last seen | Date last checked out | Copy number | Price effective from | Koha item type |
|---|---|---|---|---|---|---|---|---|---|---|---|---|---|---|---|---|---|
| IMTN | IMTN | Rack 9-A | 12/14/2012 | TB | 39.95 | 1 | 332 KIR | 20769 | 12/18/2024 | 07/08/2024 | 74.2 | 06/24/2024 | Books |